[Event "Perm Elo op-B"]
[Site "Perm"]
[Date "2007.05.04"]
[Round "6"]
[White "Yulaev, Farit"]
[Black "Kichigin, Viktor"]
[Result "0-1"]
[WhiteElo "1787"]
[BlackElo "1932"]
[PlyCount "56"]
[EventDate "2007.04.25"]
[EventType "swiss"]
[EventRounds "9"]
[EventCountry "RUS"]
[SourceTitle "EXT 2010"]
[Source "ChessBase"]
[SourceDate "2010.11.25"]
[SourceVersion "1"]
[SourceVersionDate "2010.11.25"]
[SourceQuality "1"]

1. Nc3 Nf6 2. g3 d5 3. Bg2 e5 4. d3 c6 5. a3 Bd6 6. Nf3 0-0 7. 0-0 Bg4 8. h3 Bh5 9. Bg5 Nbd7 10. Nh4 Bg6 11. Qc1 Rc8 12. e4 d4 13. Ne2 b5 14. b4 c5 15. bxc5 Nxc5 16. Qb2 Be7 17. Qa2 Ne6 18. Bd2 Bh5 19. f3 Rb8 20. Nf5 Bg6 21. g4 Nf4 22. Bxf4 exf4 23. Nxf4 Bxf5 24. exf5 Bd6 25. Ne2 Re8 26. Nxd4 Bc5 27. c3 Nd5 28. Rac1 Nxc3 0-1

[Event "Perm Elo op-B"]
[Site "Perm"]
[Date "2007.05.02"]
[Round "4"]
[White "Shilov, Boris"]
[Black "Yulaev, Farit"]
[Result "1-0"]
[WhiteElo "2003"]
[BlackElo "1787"]
[PlyCount "49"]
[EventDate "2007.04.25"]
[EventType "swiss"]
[EventRounds "9"]
[EventCountry "RUS"]
[SourceTitle "EXT 2010"]
[Source "ChessBase"]
[SourceDate "2010.11.25"]
[SourceVersion "1"]
[SourceVersionDate "2010.11.25"]
[SourceQuality "1"]

1. e4 b6 2. d4 Bb7 3. Bd3 Nf6 4. f3 e6 5. Ne2 c5 6. c3 Nc6 7. 0-0 cxd4 8. cxd4 Be7 9. Nbc3 h6 10. Be3 Nh7 11. Rc1 Bg5 12. f4 Be7 13. a3 a6 14. d5 Na7 15. e5 exd5 16. Bxh7 Rxh7 17. Nxd5 Bxd5 18. Qxd5 Nc6 19. f5 Bg5 20. Nf4 Ne7 21. Qd3 Nc6 22. Qe4 Rb8 23. e6 Bf6 24. exf7+ Kxf7 25. Qd5+ 1-0